01795nam a2200349 i 4500001000700000003000900007005001700016008004100033016003100074017005000105020001500155035002000170035002700190035002300217040002900240080002400269100005200293245004800345260003800393300002700431336002200458337003000480338002400510490003100534520051900565655003001084852010801114903005201222942001801274999001901292952013401311196261ES-MaACL20260307063017.0240823s2000 sp | ||| ||spa 7 abimoBNE200103104532SpMaBN aM 45448-2000bOficina Depósito Legal Madrid a8485498879 a(OCoLC)47629505 a(SpMaBN)bimo0001661705 a991005784839708606 aSpMaBNbspacSpMaBNerdc a821.134.2(82)-6"19"0 aMenassa, Miguel Óscar,d1940-2024eaut98007910aCartas a mi mujer / cMiguel Oscar Menassa. a[Madrid] :bGrupo Cero, c[2000]. a86 p. :bil. ;c22 cm. 2rdacontentatexto 2rdamediaasin mediación 2rdacarrieravolumen1 aColección Narrativa 2001 aHoy quiero liberarte de la responsabilidad por mi trabajo. No fue que trabajé como una bestia para que vos pudieras vivir como una reina. Fue que trabajé como una bestia para poder soportar que fueras una reina y vivieras conmigo. Algunos, algunas podrán decir: una pequeña reina de su propio corazón, una reina sin reino dirán otros pero frente a la poesía siempre te comportaste como una verdadera reina del mar. Fuiste capaz de acallar el sonido de las olas para que yo escribiera ese silencio. 72tgfbne9176539aPoesías aES-MaACLbR.154488cDEPOJjN-9315hDonación: Miguel Oscar MenassaxEncuadernación rústica9205386 aMenassa, Miguel Óscar,d1940-2024ednr980079 cMONOGRAFIAn0 c196261d196261 00102udc4070aATENEOMbATENEOMcDEPOJd2025-05-10eDONACIONl0oN-9315p101230038r2025-05-10 00:00:00w2025-05-10yMONOGRAFIA